000 00864nam a22002297a 4500
008 160401b xxu||||| |||| 00| 0 eng d
020 _a978-1-285-45424-5 (pbk.)
082 _22015
_aDC 150.287
_bN396
100 _94606
_aNeukrug, Edward S.
245 _aEssentials of testing and assessment :
_ba practical guide to counselors, social workers, and psychologists /
_cEdward S. Neukrug, R. Charles Fawcett.
250 _a3rd edition
260 _aAustralia :
_bCengage Learning,
_cc2015.
300 _axxi, 346 pages :
_b illustrations ;
_c23 cm.
500 _aIncludes bibliographical references and index.
650 0 _94607
_aAbility
_xTesting.
650 0 _94608
_aBehavioral assessment.
650 0 _94609
_aPsychology
_xMethodology.
650 0 _94610
_aCounseling.
700 _94612
_aFawcett, R. Charles.
365 _b7,875.00
_cPhp
942 _2ddc
_cDC
999 _c1500
_d1500